Start with A, ends with R - Statistics

General Stats
  • This quiz has been taken 24 times
  • The average score is 7 of 15
Answer Stats
Question Answer % Correct
A distance away Afar
86%
Holds the gavel, in an auction room Auctioneer
86%
The person who comes to check your 'books' and procedures Auditor
71%
Snake that can be found in the UK Adder
62%
Fisherman Angler
62%
Right-hand pedal in a motor car Accelerator
57%
The person who does paperwork and office activities Administrator
57%
Can precede: line, craft and way Air
57%
Similar to the above, but in trade disputes Arbitrator
38%
Judge/Decision Maker Adjudicator
24%
Moroccan city and port Agadir
24%
The 'MC', with a microphone or tannoy™ Announcer
19%
Love or current Affair
10%
The combative, antagonistic ringleader Aggressor
10%
A Driving Examiner, for example Assessor
10%
No matching quizzes found
Score Distribution
Percent of People with Each Score
Percentile by Number Answered
Your Score History
You have not taken this quiz